Focus sur: Fréawine - Tolkien - Statistiques

Statistiques générales
  • Ce quiz a été pris 4 fois
  • Le résultat moyen est 7 sur 10
Statistiques - réponses
Informations recherchées Réponses % Correct
Couleur des cheveux Blond
100%
Espèce Homme
100%
Première mention Le Seigneur des Anneaux: Le Retour du Roi
100%
Profession et titre Roi du Rohan
100%
Cité Edoras
75%
Maison (lignée) Maison d'{Eorl}
75%
Royaume Rohan
75%
Ages durant lequel il vécut Troisième
75%
Père Fréa
0%
Fils Goldwine
0%
Aucun quiz correspondant
Distribution des résultats
% des personnes avec chaque résultat
Percentile par nombre de réponses
Votre historique - résultats
Vous n’avez pas pris ce quiz